000 00372nam a22001577a 4500
003 SGT
020 _a978-9350250761
082 _a612
_bE19S
100 _aSEMBULINGAM K
245 _aESSENTIALS OF PHYSIOLOGY FOR DENTAL STUDENTS
250 _a1st
260 _aDELHI INDIA
_bJAYPEE PUBLISHER
_c2019
300 _a1-696
650 _aPHYSIOLOGY
942 _2ddc
_cBK
_02
999 _c21832
_d21832